Представление документа в формате RUSMARC

ПолеНазваниеЗначение
  Тип записи a
  Библиографический уровень m
001 Контрольный номер RU/SLIB/B/208740170
005 Дата корректировки 20260623112848.6
010 Индекс ISBN __
d Цена 0-65
101 Язык документа 0_
a Язык текста rus
200 Заглавие и сведения об ответственности 1_
a Заглавие Вижу дно Байкала
f Первые сведения об ответственности Подражанский А. М.
b Общее обозначение материала Текст
210 Выходные данные 1_
a Место издания Л.
c Издательство Гидрометеоиздат
d Дата издания 1982
215 Физическое описание __
a Объем 152 с.
c Иллюстрации/тип воспроизводства ил.
600 Персоналии _1
a Персоналии (Фамилия) Подражанский, А.
606 Тематические рубрики __
a Основная рубрика Геофизика
y Географическая подрубрика СССР; Россия; Байкал
606 Тематические рубрики __
a Основная рубрика Гидрология суши
610 Ключевые слова 0_
a Ключевые слова подводные аппараты; Пайсис-11; Пайсис-7; озера; подводные экспедиции
686 Индексы других классификаций __
a Классификационный индекс 26.22
686 Индексы других классификаций __
a Классификационный индекс 26.33
700 Автор _1
a Фамилия Подражанский
4 Код отношения 070
b Имя А. М.
801 Источник записи _0
a Страна RU
b Организация Муниципальное бюджетное учреждение культуры "Централизованная библиотечная система" г. Сургут (Центральная городская библиотека им. А. С. Пушкина)
g Правила каталогизации КиК/Михайлова
801 Источник записи _1
a Страна RU
b Организация Муниципальное бюджетное учреждение культуры "Централизованная библиотечная система" г. Сургут (Центральная городская библиотека им. А. С. Пушкина)
g Правила каталогизации КиК/Михайлова
852 Данные о местонахождении __
j Шифр хранения 26.22
c Каталожный индекс 26.22; 26.33
i Авторский знак П 44
p Инвентарный номер 13961
901 Тип документа __
t Тип документа m
990 Данные о заказе (DOS) __
j Количество экземпляров (DOS) 1